000 00280nam a22001217a 4500
008 170929b xxu||||| |||| 00| 0 eng d
041 _aeng
080 _a37
100 _a47
101 _aEDU
245 _aHOW TO INCREASE YOUR WORD POWER
_cFLEXNER.S.B
942 _2udc
_cBK
999 _c30756
_d30756